Dealing with the Japanese (Record no. 1292263)

MARC details
000 -LEADER
fixed length control field 00470nam a2200181Ia 4500
005 - DATE AND TIME OF LATEST TRANSACTION
control field 20250326141839.0
008 - FIXED-LENGTH DATA ELEMENTS--GENERAL INFORMATION
fixed length control field 250326s9999 xx 000 0 und d
037 ## - SOURCE OF ACQUISITION
Stock number Textbook
040 ## - CATALOGING SOURCE
Original cataloging agency FMSL
Language of cataloging eng
Transcribing agency FMSL
041 ## - LANGUAGE CODE
Language code of text/sound track or separate title eng
Source of code eng
084 ## - COLON CLASSIFICATION NUMBER
Assigning agency FMSL
100 ## - MAIN ENTRY--PERSONAL NAME
Personal name Zimmerman M
9 (RLIN) 745160
245 #0 - TITLE STATEMENT
Title Dealing with the Japanese
Statement of responsibility, etc. Zimmerman M
260 ## - PUBLICATION, DISTRIBUTION, ETC.
Place of publication, distribution, etc. London
Name of publisher, distributor, etc. London, George allen & Unwin
Date of publication, distribution, etc. 1985
300 ## - PHYSICAL DESCRIPTION
Extent 331p
942 ## - ADDED ENTRY ELEMENTS (KOHA)
Koha item type Textbook
Holdings
Withdrawn status Lost status Damaged status Not for loan Home library Current library Date acquired Total Checkouts Barcode Date last seen Price effective from Koha item type
        Faculty of Management Library Faculty of Management Library 2025-03-26   ML1018844 2025-03-26 2025-03-26 Textbook
Copyright @ Delhi University Library System